000 00396nam a22001337a 4500
082 _a620.1980287
_bAME
_cL-36 p-21
100 _aA. S. T. M
_940881
245 _aA S T M Standards on Industrial Water
_bA. S. T. M
260 _aBaltimore, U. S. A
_bA S T M
_cFebruary 1951
300 _aiii, 160 p. :
_bill. :
526 _a0
_b0
_c0
_d620_198028700000000_AME
650 _aMCE
_9379
942 _2ddc
_cBK
999 _c545153
_d545153